000 00868nam a2200205Ii 4500
003 JO-AjNU
008 230605s9999||||xx |||||||||||||| ||und||
040 _aJO-AjNU
_bara
_erda
_cJO-AjNU
041 _aara
050 1 4 _aB1618.B5. A5.1980
100 3 _aمحمد، علي عبد المعطي؛ تقديم وتحليل أبو ريان، محمد علي ,
_eauthor
_935864
245 0 0 _aبوزانكيت قمة المثالية في انجلترا
264 3 1 _aالاسكندرية:دار المعرفة الجامعية ،1980
300 _a327ص
336 _atext
_btxt
_2rdacontent
337 _aunmediated
_bn
_2rdamedia
338 _avolume
_bnc
_2rdacarrier
490 0 _aسلسلة دراسات الفلسفة الحديثة والمعاصرة 3
650 4 _aفلسفة انجليزية-مثالية-بوزانكيت، بيرنارد، 1848-1923م
_935865
999 _aA14847
_c18415
_d18415